Modern-Day Countries By 1970 Population - Statistics

General Stats
  • This quiz has been taken 50 times
  • The average score is 111 of 196
Answers on the Map
Answers color-coded by a green-red scale on the quiz's map according to % correct below.
 
Answer Stats
Population Starting Letter Continent Country % Correct
828,000,000 C Asia China
100%
555,000,000 I Asia India
100%
210,000,000 U North America United States
100%
95,100,000 B South America Brazil
93%
115,000,000 I Asia Indonesia
93%
105,000,000 J Asia Japan
93%
130,000,000 R Europe/Asia Russia
93%
64,200,000 B Asia Bangladesh
89%
78,600,000 G Europe Germany
89%
34,500,000 E Africa/Asia Egypt
85%
50,800,000 F Europe France
85%
53,500,000 I Europe Italy
85%
51,500,000 M North America Mexico
85%
58,100,000 P Asia Pakistan
85%
33,900,000 S Europe Spain
85%
36,900,000 T Asia Thailand
85%
34,900,000 T Asia/Europe Turkey
85%
47,100,000 U Europe Ukraine
85%
55,600,000 U Europe United Kingdom
85%
43,400,000 V Asia Vietnam
85%
56,000,000 N Africa Nigeria
81%
35,800,000 P Asia Philippines
81%
23,900,000 A South America Argentina
78%
28,400,000 E Africa Ethiopia
78%
28,500,000 I Asia Iran
78%
27,300,000 M Asia Myanmar
78%
32,600,000 P Europe Poland
78%
22,100,000 S Africa South Africa
78%
32,200,000 S Asia South Korea
78%
21,400,000 C North America Canada
74%
21,500,000 C South America Colombia
74%
20,000,000 D/C Africa Democratic Republic of the Congo
74%
20,500,000 R Europe Romania
74%
12,800,000 A Oceania Australia
70%
9,630,000 B Europe Belgium
70%
9,780,000 C South America Chile
70%
10,400,000 H Europe Hungary
70%
9,920,000 I Asia Iraq
70%
13,000,000 K Asia Kazakhstan
70%
11,300,000 K Africa Kenya
70%
16,000,000 M Africa Morocco
70%
12,100,000 N Asia Nepal
70%
13,000,000 N Europe Netherlands
70%
14,400,000 N Asia North Korea
70%
13,500,000 P South America Peru
70%
10,300,000 S Africa Sudan
70%
14,900,000 T Asia Taiwan
70%
13,500,000 T Africa Tanzania
70%
9,410,000 U Africa Uganda
70%
12,100,000 U Asia Uzbekistan
70%
11,400,000 V South America Venezuela
70%
11,200,000 A Asia Afghanistan
67%
14,500,000 A Africa Algeria
67%
8,910,000 B Europe Belarus
67%
8,510,000 B Europe Bulgaria
67%
8,710,000 C North America Cuba
67%
9,820,000 C Europe Czechia
67%
6,070,000 E South America Ecuador
67%
10,800,000 M Asia Malaysia
67%
8,650,000 P Europe Portugal
67%
12,500,000 S Asia Sri Lanka
67%
8,050,000 S Europe Sweden
67%
6,150,000 S Europe Switzerland
67%
6,190,000 Y Asia Yemen
67%
5,890,000 A Africa Angola
63%
7,520,000 A Europe Austria
63%
4,480,000 B South America Bolivia
63%
7,000,000 C Asia Cambodia
63%
4,500,000 D North America Dominican Republic
63%
4,610,000 F Europe Finland
63%
8,740,000 G Africa Ghana
63%
8,660,000 G Europe Greece
63%
5,620,000 G North America Guatemala
63%
4,680,000 H North America Haiti
63%
5,950,000 M Africa Mali
63%
3,880,000 N Europe Norway
63%
6,900,000 S Europe Serbia
63%
4,540,000 S Europe Slovakia
63%
6,350,000 S Asia Syria
63%
4,180,000 Z Africa Zambia
63%
5,290,000 Z Africa Zimbabwe
63%
5,180,000 A Asia Azerbaijan
59%
3,760,000 B Europe Bosnia and Herzegovina
59%
5,620,000 B Africa Burkina Faso
59%
6,520,000 C Africa Cameroon
59%
4,420,000 C Europe Croatia
59%
4,930,000 D Europe Denmark
59%
3,670,000 E North America El Salvador
59%
4,150,000 G Africa Guinea
59%
5,100,000 I/C Africa Ivory Coast
59%
6,580,000 M Africa Madagascar
59%
9,020,000 M Africa Mozambique
59%
4,510,000 N Africa Niger
59%
5,840,000 S Asia Saudi Arabia
59%
4,710,000 G Asia Georgia
56%
2,720,000 H North America Honduras
56%
1,880,000 J North America Jamaica
56%
3,600,000 M Europe Moldova
56%
2,820,000 N Oceania New Zealand
56%
3,760,000 R Africa Rwanda
56%
4,260,000 S Africa Senegal
56%
5,060,000 T Africa Tunisia
56%
3,640,000 C Africa Chad
52%
2,910,000 I Europe Ireland
52%
1,720,000 J Asia Jordan
52%
2,690,000 L Asia Laos
52%
4,700,000 M Africa Malawi
52%
2,410,000 N North America Nicaragua
52%
2,780,000 P Oceania Papua New Guinea
52%
2,470,000 P South America Paraguay
52%
2,810,000 U South America Uruguay
52%
2,150,000 A Europe Albania
48%
2,530,000 A Asia Armenia
48%
2,910,000 B Africa Benin
48%
1,850,000 C North America Costa Rica
48%
2,810,000 I Asia Israel
48%
2,970,000 K Asia Kyrgyzstan
48%
2,380,000 L Europe Latvia
48%
2,130,000 L Africa Libya
48%
3,140,000 L Europe Lithuania
48%
1,330,000 R/C Africa Republic of the Congo
48%
3,490,000 S Africa South Sudan
48%
1,810,000 C Africa Central African Republic
44%
1,360,000 E Europe Estonia
44%
705,000 G South America Guyana
44%
1,220,000 K Europe Kosovo
44%
2,300,000 L Asia Lebanon
44%
1,720,000 N/M Europe North Macedonia
44%
12,000 P Oceania Palau
44%
1,520,000 P North America Panama
44%
1,670,000 S Europe Slovenia
44%
3,440,000 S Africa Somalia
44%
2,930,000 T Asia Tajikistan
44%
2,120,000 T Africa Togo
44%
2,200,000 T Asia Turkmenistan
44%
600 V Europe Vatican City
44%
24,000 A Europe Andorra
41%
239,000 B North America Barbados
41%
122,000 B North America Belize
41%
3,480,000 B Africa Burundi
41%
71,000 D North America Dominica
41%
1,310,000 E Africa Eritrea
41%
521,000 F Oceania Fiji
41%
51,000 K Oceania Kiribati
41%
744,000 K Asia Kuwait
41%
1,400,000 L Africa Liberia
41%
23,000 M Europe Monaco
41%
1,280,000 M Asia Mongolia
41%
520,000 M Europe Montenegro
41%
7,000 N Oceania Nauru
41%
724,000 O Asia Oman
41%
19,000 S Europe San Marino
41%
2,740,000 S Africa Sierra Leone
41%
368,000 S South America Suriname
41%
945,000 T North America Trinidad and Tobago
41%
6,000 T Oceania Tuvalu
41%
64,000 A North America Antigua and Barbuda
37%
169,000 B North America Bahamas
37%
297,000 B Asia Bhutan
37%
628,000 B Africa Botswana
37%
130,000 B Asia Brunei
37%
160,000 D Africa Djibouti
37%
572,000 E/T Asia East Timor
37%
304,000 E Africa Equatorial Guinea
37%
61,000 F/M Oceania Federated States of Micronesia
37%
94,000 G North America Grenada
37%
705,000 G Africa Guinea-Bissau
37%
204,000 I Europe Iceland
37%
1,030,000 L Africa Lesotho
37%
21,000 L Europe Liechtenstein
37%
321,000 M Europe Malta
37%
20,000 M Oceania Marshall Islands
37%
1,150,000 M Africa Mauritania
37%
817,000 N Africa Namibia
37%
110,000 Q Asia Qatar
37%
143,000 S Oceania Samoa
37%
2,070,000 S Asia Singapore
37%
160,000 S Oceania Solomon Islands
37%
45,000 S North America St. Kitts and Nevis
37%
235,000 U Asia United Arab Emirates
37%
213,000 B Asia Bahrain
33%
269,000 C Africa Cape Verde
33%
230,000 C Africa Comoros
33%
614,000 C Asia Cyprus
33%
431,000 E/S Africa Eswatini
33%
589,000 G Africa Gabon
33%
464,000 G Africa Gambia
33%
340,000 L Europe Luxembourg
33%
116,000 M Asia Maldives
33%
826,000 M Africa Mauritius
33%
75,000 S Africa Sao Tome and Principe
33%
52,000 S Africa Seychelles
33%
104,000 S North America St. Lucia
33%
91,000 S North America St. Vincent and the Grenadines
33%
84,000 T Oceania Tonga
33%
85,000 V Oceania Vanuatu
33%
No matching quizzes found
Score Distribution
Percent of People with Each Score
Percentile by Number Answered
Your Score History
You have not taken this quiz